Russian zone handoverprints Vol 2 Dist 27 - 41 (Record no. 1868)

000 -LEADER
fixed length control field 00603nam a22001097a 4500
008 - FIXED-LENGTH DATA ELEMENTS--GENERAL INFORMATION
fixed length control field 160321b xxu||||| |||| 00| 0 eng d
100 ## - MAIN ENTRY--AUTHOR'S NAME
Author's Name Berger, Frank J.
245 ## - TITLE STATEMENT
Title Russian zone handoverprints Vol 2 Dist 27 - 41
260 ## - PUBLICATION, DISTRIBUTION, ETC. (IMPRINT)
Name of publisher, distributor, etc. Germany Philatelic Society, Handoverprint [Hand Overprint] Study Group
Date of publication, distribution, etc. 1976
650 ## - TOPICAL TERM (Tag)
Topical term or geographic name Russia | Occupation of Germany | Allied Occupation | Germany | Overprints and Surcharges | Occupation Issues | Postal Districts | Post Offices | Forgeries and Counterfeits | Bogus Issues | Postal Markings
700 ## - SECONDARY AUTHOR, EDITOR OR ILLUSTRATOR
Personal Name Germany Philatelic Society, Handoverprint [Hand Overprint] Study Group
Holdings
Withdrawn status Lost status Source of classification or shelving scheme Damaged status Koha normalized classification for sorting Not for loan Permanent Location Current Location Shelving location Date acquired Total Checkouts Full call number Barcode Date last seen Price effective from Public note
        G6091 O96 B496   Northern Philatelic Library Northern Philatelic Library General Stacks 03/21/2016   G6091 O96 B496 1002169 03/21/2016 03/21/2016 Soviet Zone of Germany Hand Overprint stamps

Powered by Koha